<?xml version="1.0" encoding="UTF-8"?>
<collection xmlns="http://www.loc.gov/MARC21/slim">
 <record>
  <leader>04318nam a2200325 a 4500</leader>
  <controlfield tag="001">kal3061</controlfield>
  <controlfield tag="003">Gr-AtHEAL</controlfield>
  <controlfield tag="005">20160422084112.0</controlfield>
  <controlfield tag="006">m        d        </controlfield>
  <controlfield tag="008">160413s2015    gr      s           gre|c</controlfield>
  <datafield tag="020" ind1=" " ind2=" ">
   <subfield code="a">9789606030055</subfield>
  </datafield>
  <datafield tag="040" ind1=" " ind2=" ">
   <subfield code="a">GR-AtHEAL</subfield>
   <subfield code="b">gre</subfield>
   <subfield code="c">GR-AtHEAL</subfield>
  </datafield>
  <datafield tag="082" ind1="0" ind2="4">
   <subfield code="a">617.71</subfield>
   <subfield code="2">23</subfield>
  </datafield>
  <datafield tag="100" ind1="1" ind2=" ">
   <subfield code="a">Δημητράκος, Σταύρος.</subfield>
   <subfield code="8">558</subfield>
  </datafield>
  <datafield tag="245" ind1="1" ind2="0">
   <subfield code="a">Αρχές χειρουργικής της αποκόλλησης του αμφιβληστροειδούς</subfield>
   <subfield code="h">[Ηλεκτρονικός πόρος] </subfield>
   <subfield code="c">Δημητράκος, Στάυρος ; Στεργίου, Παναγιώτης ; Κριτικός αναγνώστης,Τσινόπουλος, Ιωάννης ; Γραφιστική επιμέλεια,Γαζετάς, Νίκος ; Γλωσσική επιμέλεια,Καραγιαννίδου, Δημήτρα.</subfield>
  </datafield>
  <datafield tag="260" ind1=" " ind2=" ">
   <subfield code="a">Αθήνα :</subfield>
   <subfield code="b">Σύνδεσμος Ελληνικών Ακαδημαϊκών Βιβλιοθηκών,</subfield>
   <subfield code="c">c2015.</subfield>
  </datafield>
  <datafield tag="490" ind1=" " ind2=" ">
   <subfield code="a">Ακαδημαϊκά Ηλεκτρονικά Συγγράμματα και Βοηθήματα Κάλλιπος</subfield>
   <subfield code="8">40</subfield>
  </datafield>
  <datafield tag="520" ind1=" " ind2=" ">
   <subfield code="a">Σκοπός του βιβλίου είναι η μετάδοση και επεξήγηση γνώσεων που σχετίζονται με το παθοφυσιολογικό υπόβαθρο και την χειρουργική αντιμετώπιση της αποκόλλησης του αμφιβληστροειδούς. Αναπτύσσεται σε 15 κεφάλαια με ιστορική αναδρομή, με ανάλυση της αιτιοπαθογένειας της αποκόλλησης του αμφιβληστροειδή, έκθεση των προδιαθεσικών παραγόντων και της επιδημιολογίας της πάθησης και στην προφύλαξη από αυτήν, γίνεται ιδιαίτερη μνεία σε επιβαρυντικούς παράγοντες που την προκαλούν. Στη συνέχεια δίνονται οδηγίες για τα μέσα και τις μεθόδους προεγχειρητικής αξιολόγησης και προετοιμασίας του ασθενούς, καθώς και τη μεθοδολογία ανεύρεσης των αιτίων που θα οδηγήσουν στην αιτιολογική αντιμετώπιση. Αφού δοθούν συνοπτικές πληροφορίες για την τοπογραφία του χειρουργικού πεδίου, περιγράφεται λεπτομερώς η χειρουργική τεχνική, με επισκληρικά μοσχεύματα και οι επιπλοκές της. Στη συνέχεια παρατίθενται εναλλακτικές εγχειρητικές μέθοδοι και ειδικά κεφάλαια για την αντιμετώπιση υποτύπων της αποκόλλησης, καθώς και των υποτροπών της. Συζητούνται τα όρια της εξωβολβικής χειρουργικής και η εναλλακτική προς αυτήν ενδοβολβική χειρουργική με υαλοειδεκτομή. Τέλος, δίνονται παραδείγματα τυπικών μορφών αποκόλλησης και των μεθόδων αντιμετώπισης.</subfield>
  </datafield>
  <datafield tag="650" ind1=" " ind2="0">
   <subfield code="a">Eye </subfield>
   <subfield code="x">Surgery</subfield>
   <subfield code="8">2165</subfield>
  </datafield>
  <datafield tag="653" ind1=" " ind2=" ">
   <subfield code="a">Χειρουργική</subfield>
  </datafield>
  <datafield tag="653" ind1=" " ind2=" ">
   <subfield code="a">Παθοφυσιολογία</subfield>
  </datafield>
  <datafield tag="653" ind1=" " ind2=" ">
   <subfield code="a">Αποκόλληση αμφιβληστροειδούς</subfield>
  </datafield>
  <datafield tag="653" ind1=" " ind2=" ">
   <subfield code="a">Επιστήμες υγείας</subfield>
   <subfield code="a">Ιατρική</subfield>
   <subfield code="a">Χειρουργικές ειδικότητες</subfield>
   <subfield code="a">Οφθαλμολογία</subfield>
  </datafield>
  <datafield tag="700" ind1="1" ind2=" ">
   <subfield code="a">Στεργίου, Παναγιώτης</subfield>
   <subfield code="e">Συγγραφέας</subfield>
   <subfield code="8">559</subfield>
  </datafield>
  <datafield tag="700" ind1="1" ind2=" ">
   <subfield code="a">Τσινόπουλος, Ιωάννης</subfield>
   <subfield code="e">Κριτικός αναγνώστης</subfield>
   <subfield code="8">560</subfield>
  </datafield>
  <datafield tag="856" ind1="4" ind2="0">
   <subfield code="u">http://hdl.handle.net/11419/3061</subfield>
   <subfield code="z">Πλήρες Κείμενο - Full text</subfield>
  </datafield>
  <datafield tag="907" ind1=" " ind2=" ">
   <subfield code="a">.b25680195</subfield>
   <subfield code="b">12-06-18</subfield>
   <subfield code="c">29-07-16</subfield>
  </datafield>
  <datafield tag="949" ind1=" " ind2=" ">
   <subfield code="0">0</subfield>
   <subfield code="1">0</subfield>
   <subfield code="2">ddc</subfield>
   <subfield code="4">0</subfield>
   <subfield code="6">617_710000000000000_ΔΗΜ</subfield>
   <subfield code="7">0</subfield>
   <subfield code="8">KALL</subfield>
   <subfield code="8">778</subfield>
   <subfield code="d">2016-04-13</subfield>
   <subfield code="r">2016-04-13</subfield>
   <subfield code="w">2016-04-13</subfield>
   <subfield code="z">617.71 ΔΗΜ</subfield>
   <subfield code="o">SEAB KALLIPOS</subfield>
  </datafield>
  <datafield tag="998" ind1=" " ind2=" ">
   <subfield code="a">80</subfield>
   <subfield code="a">01</subfield>
   <subfield code="a">02</subfield>
   <subfield code="a">03</subfield>
   <subfield code="a">04</subfield>
   <subfield code="a">05</subfield>
   <subfield code="a">06</subfield>
   <subfield code="a">07</subfield>
   <subfield code="a">08</subfield>
   <subfield code="a">09</subfield>
   <subfield code="a">10</subfield>
   <subfield code="a">11</subfield>
   <subfield code="a">12</subfield>
   <subfield code="a">13</subfield>
   <subfield code="a">14</subfield>
   <subfield code="a">15</subfield>
   <subfield code="a">16</subfield>
   <subfield code="a">17</subfield>
   <subfield code="a">18</subfield>
   <subfield code="a">19</subfield>
   <subfield code="a">20</subfield>
   <subfield code="a">21</subfield>
   <subfield code="a">22</subfield>
   <subfield code="a">23</subfield>
   <subfield code="a">24</subfield>
   <subfield code="a">25</subfield>
   <subfield code="a">26</subfield>
   <subfield code="b">16-05-17</subfield>
   <subfield code="c">m</subfield>
   <subfield code="d">z  </subfield>
   <subfield code="e">-</subfield>
   <subfield code="f">gre</subfield>
   <subfield code="g">gr </subfield>
   <subfield code="h">0</subfield>
  </datafield>
  <datafield tag="942" ind1=" " ind2=" ">
   <subfield code="2">ddc</subfield>
   <subfield code="c">KALLIPOS</subfield>
  </datafield>
 </record>
</collection>
